| 000 | 009870000a22002770004500 | ||
|---|---|---|---|
| 001 | 52528 | ||
| 010 | _a978-972-21-1069-3 | ||
| 021 |
_aPT _b103509/96 |
||
| 090 | _a52528 | ||
| 100 | _a20180105d2018 k y0pory5003 ba | ||
| 101 | 0 | _apor | |
| 102 | _aPT | ||
| 200 | 1 |
_aO sapo apaixonado _fMax Velthuijs _gtrad. José Oliveira |
|
| 210 |
_aAlfragide _cCaminho _d2015 |
||
| 215 |
_a[25] p. _cmuito il. |
||
| 304 | _aTítulo original: Frog in love | ||
| 606 |
_aLiteratura infantojuvenil _xConto |
||
| 675 |
_a821.112.5-34 _vBN _zpor |
||
| 675 |
_a087.5-053.4 _vBN _zpor |
||
| 700 | 1 |
_aVelthuijs _bMax _f1923-2005 |
|
| 702 | 1 |
_934565 _4730 _aOliveira _bJosé |
|
| 801 |
_aPT _c20180105 |
||
| 856 |
_uhttps://en.wikipedia.org/wiki/Max_Velthuijs _zmais informação |
||
| 859 |
_uhttps://img.wook.pt/images/o-sapo-apaixonado-max-velthuijs/MXw1ODg4Nnw4ODk1M3wxMzgzNTIzMjAwMDAw/250x _zcapa |
||
| 942 |
_cMON _n0 |
||
| 999 |
_a52528 _bBibliobase - BEBDPPC _c2019-01-21 |
||